A népi kultúra időszerűsége

Elmentve itt :
Bibliográfiai részletek
Szerző: Ökrös László
Dokumentumtípus: Cikk
Megjelent: 1971-06-27
Sorozat:Délmagyarország 61 No. 150
Kulcsszavak:Tiszatáj
Online Access:http://dmarchiv.bibl.u-szeged.hu/119352
LEADER 00452nab a2200157 i 4500
001 delm119352
005 20190417141720.0
008 190417s1971 hu o 0|| hun d
040 |a SZTE Délmagyarország Archívum  |b hun 
041 |a hun 
100 1 |a Ökrös László 
245 1 2 |a A népi kultúra időszerűsége  |h [elektronikus dokumentum] /  |c  Ökrös László 
260 |c 1971-06-27 
300 |a 4 
490 0 |a Délmagyarország  |v 61 No. 150 
695 |a Tiszatáj